| 000 | 00334nam a22001337a 4500 | ||
|---|---|---|---|
| 020 | _a0816285942 | ||
| 082 | _a519.5 STA | ||
| 245 | _aStatistics a guide to the unknown | ||
| 250 | _aNew york | ||
| 260 |
_aLondon _bHolden-day,inc _c1972 |
||
| 300 |
_axviii,430 _bill,23cm. |
||
| 650 | _aStatistics a guide to the unknown | ||
| 942 | _cBK | ||
| 999 |
_c16874 _d16874 |
||